Trends in the employment of women, 1928-36 / (Record no. 36263)

MARC details
000 -LEADER
fixed length control field 00712cam a22002411a 4500
001 - CONTROL NUMBER
control field l 38000113
003 - CONTROL NUMBER IDENTIFIER
control field DLC
005 - DATE AND TIME OF LATEST TRANSACTION
control field 20260227111536.0
008 - FIXED-LENGTH DATA ELEMENTS--GENERAL INFORMATION
fixed length control field 771020s1938 dcua f000 0 eng
010 ## - LIBRARY OF CONGRESS CONTROL NUMBER
LC control number l 38000113
035 ## - SYSTEM CONTROL NUMBER
System control number (OCoLC)3356799
040 ## - CATALOGING SOURCE
Original cataloging agency DLC
Transcribing agency Mi
Modifying agency MnHi
-- DLC
042 ## - AUTHENTICATION CODE
Authentication code premarc
043 ## - GEOGRAPHIC AREA CODE
Geographic area code n-us---
045 2# - TIME PERIOD OF CONTENT
Time period code x2x3
050 00 - LIBRARY OF CONGRESS CALL NUMBER
Classification number HD6093
Item number .A35 no. 159
100 1# - MAIN ENTRY--PERSONAL NAME
Personal name Pidgeon, Mary Elizabeth.
245 10 - TITLE STATEMENT
Title Trends in the employment of women, 1928-36 /
Statement of responsibility, etc. by Mary Elizabeth Pidgeon.
260 ## - PUBLICATION, DISTRIBUTION, ETC.
Place of publication, distribution, etc. Washington :
Name of publisher, distributor, etc. U.S. G.P.O.,
Date of publication, distribution, etc. 1938.
300 ## - PHYSICAL DESCRIPTION
Extent v, 48 p. :
Other physical details ill. ;
Dimensions 23 cm.
440 #0 - SERIES STATEMENT/ADDED ENTRY--TITLE
Title Bulletin of the Women's Bureau. ;
Volume/sequential designation no. 159.
650 #0 - SUBJECT ADDED ENTRY--TOPICAL TERM
Topical term or geographic name entry element Women
General subdivision Employment
Geographic subdivision United States.

No items available.

Powered by Koha